| 000 | 00665nam a22001937a 4500 | ||
|---|---|---|---|
| 005 | 20240530105923.0 | ||
| 010 | _aENG-140543 ENG-140544 | ||
| 020 |
_c675.00 _a9788181715852 |
||
| 035 | _aEN-124075 EN-124076 | ||
| 037 | _aDBAD | ||
| 082 | _a597.95483 | ||
| 245 |
_aFauna of Thattekkad Bird Sanctaury (Kerela):/ _cEdited By Director Zoological Survery of India |
||
| 260 |
_aKolkata _bZoological Survey of India _c2022 |
||
| 270 |
_aM-Block, New Alipore, _bKolkata _e700053 |
||
| 300 |
_a352p. _c25cm(Pb) _bill., col |
||
| 650 |
_aZoology _967086 |
||
| 700 |
_aDirector Zoological Survery of India _967087 |
||
| 942 |
_2ddc _cEN _h591.95483 _mFAU |
||
| 999 |
_c203386 _d203386 |
||